| 000 | 00379nam a2200133Ia 4500 | ||
|---|---|---|---|
| 008 | 231221s9999 xx 000 0 und d | ||
| 020 | _a978-1-4614-7202-5 | ||
| 041 | _aEnglish | ||
| 100 | _aTiejian Luo, Su Chen, Guandong Xu, Jia Zhou | ||
| 245 | 0 | _aTrust-based Collective View Prediction | |
| 260 |
_c2013 _bSpringer US _aNew York |
||
| 650 | _aComputer Science | ||
| 942 | _cEB | ||
| 999 |
_c218884 _d218884 |
||